000 00461nam a2200193Ia 4500
003 OSt
005 20221005124712.0
006 a|||||r|||| 00| 0
007 ta
008 221004b |||||||| |||| 00| 0 eng d
024 _a112703
037 _cTextual
040 _aCRL
_cCRL
_beng
041 _2eng
_aeng
100 _aBhagat Singh Heera
_9635659
245 0 _aNavi Nidhi Naamu
942 _cTEXL
_2cc
999 _c1051357
_d1051357